[Event "Plaisance Ferme de L'Houme Op-B 4th"]
[Site "?"]
[Date "2020.02.09"]
[Round "6.16"]
[White "GUILLOUD, Remi"]
[Black "TORNAY, Aritz"]
[Result "0-1"]
[WhiteElo "1269"]
[BlackElo "1283"]
[PlyCount "70"]
[EventDate "2020.??.??"]
[SourceVersionDate "2020.04.05"]

1. e4 c5 2. Nc3 g6 3. f4 Bg7 4. Nf3 Nc6 5. Bc4 e6 6. O-O Nge7 7. Qe1 d5 8. exd5
Nb4 9. Qe4 exd5 10. Nxd5 Nbxd5 11. Re1 O-O 12. Qd3 Bf5 13. Qb3 Rb8 14. d3 Nb6
15. c3 Nxc4 16. Qxc4 b6 17. d4 cxd4 18. cxd4 Rc8 19. Qb4 Nc6 20. Qa4 Nxd4 21.
Rd1 Nxf3+ 22. gxf3 Bc2 23. Rxd8 Bxa4 24. Rxf8+ Kxf8 25. Rb1 Bc2 26. Ra1 Bd1 27.
Kg2 Rc2+ 28. Kg3 Be2 29. f5 Be5+ 30. Kh4 Bxf3 31. Bh6+ Ke7 32. Bg5+ f6 33.
Bxf6+ Kxf6 34. Rh1 g5+ 35. Kh3 Rc4 0-1

[Event "Plaisance Ferme de L'Houme Op-B 4th"]
[Site "?"]
[Date "2020.02.09"]
[Round "6.17"]
[White "PARPINEL, Mario"]
[Black "DE BARALLE, Michel"]
[Result "1-0"]
[WhiteElo "1489"]
[BlackElo "1274"]
[PlyCount "47"]
[EventDate "2020.??.??"]
[SourceVersionDate "2020.04.05"]

1. e4 c5 2. Nc3 Nc6 3. Bc4 e6 4. f4 d6 5. Nf3 g6 6. O-O Bg7 7. d3 a6 8. a3 Nf6
9. Kh1 Qc7 10. Ng5 O-O 11. Qe2 h6 12. Nf3 b5 13. Ba2 Bb7 14. f5 exf5 15. Nh4 g5
16. Nxf5 Rae8 17. Nxh6+ Bxh6 18. Rxf6 Nd4 19. Qf2 Kg7 20. Bd5 Bc8 21. Rxh6 Kxh6
22. Qf6+ Kh7 23. Bxg5 Kg8 24. Qg6+ 1-0

[Event "Plaisance Ferme de L'Houme Op-B 4th"]
[Site "?"]
[Date "2020.02.09"]
[Round "6.20"]
[White "MAZIARZ, Antoine"]
[Black "BILHERAN, Jean-Claude"]
[Result "1/2-1/2"]
[WhiteElo "1226"]
[BlackElo "1600"]
[PlyCount "40"]
[EventDate "2020.??.??"]
[SourceVersionDate "2020.04.06"]

1. d4 d5 2. c4 c6 3. Nf3 g6 4. g3 Bg7 5. Bg2 Nd7 6. O-O e6 7. Qc2 b6 8. b3 Ne7
9. Rd1 Ba6 10. Nbd2 Rc8 11. Bb2 O-O 12. e4 Nf6 13. c5 dxe4 14. Nxe4 Nxe4 15.
Qxe4 Nd5 16. cxb6 axb6 17. Rac1 Qe7 18. Ne5 Bb7 19. Rc2 Rc7 20. Rdc1 Rfc8
1/2-1/2

[Event "Plaisance Ferme de L'Houme Op-B 4th"]
[Site "?"]
[Date "2020.02.09"]
[Round "6.28"]
[White "CHOC-AVENTIN, Silas"]
[Black "CHAREYRE, Mathieu"]
[Result "1-0"]
[WhiteElo "1199"]
[BlackElo "1099"]
[PlyCount "29"]
[EventDate "2020.??.??"]
[SourceVersionDate "2020.04.06"]

1. e4 d5 2. exd5 Qxd5 3. Nc3 Qa5 4. d4 Nf6 5. Bd2 Bg4 6. Be2 Qf5 7. f3 Bh5 8.
g4 Bxg4 9. fxg4 Qc8 10. Bf4 e6 11. Nb5 Nd5 12. Qd2 Bb4 13. c3 Ba5 14. Bf3 c6
15. Nd6+ 1-0

[Event "Plaisance Ferme de L'Houme Op-B 4th"]
[Site "?"]
[Date "2020.02.09"]
[Round "6.29"]
[White "BERRAD, Ines"]
[Black "CHAREYRE, Sylvain"]
[Result "1/2-1/2"]
[WhiteElo "1185"]
[BlackElo "1108"]
[PlyCount "94"]
[EventDate "2020.??.??"]
[SourceVersionDate "2020.04.06"]

1. e4 d5 2. exd5 Nf6 3. d4 Qxd5 4. Nc3 Qa5 5. Bd2 Bg4 6. Nf3 Qh5 7. Be2 Nc6 8.
Bf4 O-O-O 9. Qd2 e6 10. O-O-O Bb4 11. Qe3 h6 12. h3 Bxf3 13. Bxf3 Qa5 14. Bxc6
bxc6 15. Qe5 Qxe5 16. Bxe5 Rhg8 17. Rd3 Nd5 18. Nxd5 cxd5 19. Rb3 Bd6 20. Re1
f6 21. Bxd6 Rxd6 22. Ra3 a6 23. Ree3 Kd8 24. Reb3 Ke7 25. Rb7 Rc6 26. Ra7 Kd7
27. R7xa6 Rxa6 28. Rxa6 g5 29. a4 h5 30. Ra7 e5 31. dxe5 fxe5 32. a5 e4 33. a6
d4 34. Kd2 Re8 35. b4 Kc6 36. c3 dxc3+ 37. Kxc3 Rf8 38. Kd4 Rxf2 39. Kxe4 Rxg2
40. Rb7 g4 41. b5+ Kd7 42. a7 Ra2 43. hxg4 Ra4+ 44. Kf3 hxg4+ 45. Kg3 Kd6 46.
Kh4 Kc5 47. Kg3 Kd6 1/2-1/2

[Event "Plaisance Ferme de L'Houme Op-B 4th"]
[Site "?"]
[Date "2020.02.09"]
[Round "6.31"]
[White "COURDIL, Julien"]
[Black "ROBIN, Patrice"]
[Result "0-1"]
[WhiteElo "1099"]
[BlackElo "1230"]
[PlyCount "82"]
[EventDate "2020.??.??"]
[SourceVersionDate "2020.04.06"]

1. e4 c6 2. d4 d5 3. e5 Bf5 4. Bd3 Qd7 5. f4 h6 6. Nf3 e6 7. Nh4 Bxd3 8. Qxd3
Be7 9. Nf3 c5 10. Qd1 Nc6 11. dxc5 Bxc5 12. Nc3 Nge7 13. Na4 Bb4+ 14. c3 Ba5
15. b4 Bb6 16. Nxb6 axb6 17. Be3 Ra3 18. Bxb6 Rxc3 19. Bd4 Nxd4 20. Nxd4 O-O
21. O-O Qc7 22. Ne2 Re3 23. Rc1 Qb6 24. Nd4 Nf5 25. Nxf5 Rd3+ 26. Rf2 Rxd1+ 27.
Rxd1 exf5 28. Rxd5 Qxb4 29. Rdd2 Rc8 30. Rb2 Rc1+ 31. Rf1 Qxb2 32. Rxc1 Qxc1+
33. Kf2 Qxf4+ 34. Kg1 Qe3+ 35. Kf1 Qxe5 36. g3 Qa1+ 37. Kg2 Qxa2+ 38. Kh3 b5
39. g4 fxg4+ 40. Kxg4 Qxh2 41. Kf3 b4 0-1